| LEADER |
00842nam0a2200193 450 |
| 001 |
16842823 |
| 010 |
|
|
|a 2-263-04253-9
|b Br.
|d 12,9
|
| 100 |
|
|
|a 20070301d2007 u u0frey01 ba
|
| 101 |
0 |
|
|a fre
|
| 102 |
|
|
|a FR
|
| 200 |
0 |
|
|a Art de l'origami (L')
|f Mari Ono
|
| 207 |
|
1 |
|a
|
| 210 |
|
|
|a Paris
|b 8 rue Garancière.
|c Solar
|d 2007
|
| 215 |
|
|
|a 128 p.
|c ill. en coul.
|d 28 x 21 cm
|
| 330 |
|
|
|a Guide pratique avec l'histoire de l'origami au Japon, l'inventaire complet des différents papiers japonais, une présentation simple et claire des mouvements et pliages de base et la liste du matériel nécessaire. 35 idées pour créer des objets originaux.
|
| 700 |
|
0 |
|a Ono
|b Mari
|4 70
|
| 900 |
|
|
|a Documentaire
|
| 901 |
|
|
|a Accessible au prêt
|
| 995 |
|
|
|a Bibliothèque
|c Bibliothèque
|f 00156004847117
|h 00156004847117
|k 745.5 ONO
|o p
|q a
|r az
|e Bibliothèque
|